| 000 | 00568 a2200217 4500 | ||
|---|---|---|---|
| 003 | 43668 | ||
| 005 | 20250929204523.0 | ||
| 008 | 250929b |||||||| |||| 00| 0 eng d | ||
| 022 | _207955464 | ||
| 040 |
_cNile University of Nigeria, Abuja. _erda |
||
| 050 | _aK 60 N5 | ||
| 082 | _aK 60 N5 | ||
| 245 | _aNIGERIA BAR JOURNAL | ||
| 250 | _aVol.1-2012-vol 10,2017 | ||
| 260 |
_aAbuja _bNBJ Press _c2012/2017 |
||
| 264 |
_aAbuja _bNBJ Press _c2012/2017 |
||
| 300 | _bvi, 239pg., 25cm/35cm | ||
| 336 | _2rdacontent | ||
| 338 | _2rdacarrier | ||
| 942 |
_2lcc _cSERIAL |
||
| 999 |
_c43655 _d43655 |
||